000 00940nam a2200217 i 4500
001 166965
003 ES-MaACL
005 20230906213432.0
008 931025s1791 fr |||| | fre d
040 _aCAM
_bspa
_cPAB
100 1 _aValmont-Bomare, Jacques Christophe.
_9133533
245 1 0 _aDictionnaire raisonné universel d'histoire naturelle
_b: contenant l'histoire des animaux, des végétaux et des minéraux... et des autres principaux phénomenes de la nature... /
_cpar M. Valmont-Bomare... ; tome neuvieme.
250 _aQuatrieme edition
_brevue et augmentée.
260 _aA Lyon :
_bchez Bruyset Freres,
_c1791.
300 _a[4], 742 p. ;
_c8\pa\s.
595 _aDatos de ed. preceden a la explicación al tít.
597 _aSign.: [ ]\p2\s, A-2Z\p8\s, 3A\p3\s.
597 _aAntep.
597 _aGrab. xil al principio del texto.
852 _aES-MaACL
_jR-3055-69
_xOlim:B-7101-115
_z-- Enc. pasta española
999 _c166965
_d166965